AJ Auxerre - Joueurs les plus capés - Statistiques

Statistiques générales
  • Ce quiz a été pris 48 fois
  • Le résultat moyen est 4 sur 10
Statistiques - réponses
Apparition Nationalité Joueur % Correct
467 France Fabien Cool
93%
297 Côte d'Ivoire / France Basile Boli
46%
381 France Bruno Martini
46%
312 Suisse Stéphane Grichting
46%
322 France Christophe Cocard
39%
347 France Pascal Vahirua
37%
312 Schweiz Jean-Sébastien Jaurès
22%
277 Portugal / France Raphaël Guerreiro
17%
260 France Jean-Pascal Mignot
7%
313 France Claude Barret
5%
Aucun quiz correspondant
Distribution des résultats
% des personnes avec chaque résultat
Percentile par nombre de réponses
Votre historique - résultats
Vous n’avez pas pris ce quiz